| 000 | 00675cab a2200241 4500 | ||
|---|---|---|---|
| 001 | ABS57737 | ||
| 008 | 090401t1997 xxu||||| |||| 00| 0 eng d | ||
| 035 | _a(Sirsi) u81624 | ||
| 041 | _aeng | ||
| 100 | _aMousdale, M. | ||
| 245 | _aTurning value into law | ||
| 260 | _c1997 | ||
| 350 | _a0 | ||
| 490 |
_aIRRV Insight _v(9) October 1997, 229-231(3) |
||
| 520 | _aExplains what best value is and what legal implications there are likely to be for local authorities. | ||
| 650 | _aBEST VALUE | ||
| 650 | _aCCT | ||
| 650 | _aCOMPULSORY COMPETITIVE TENDERING | ||
| 650 | _aLOCAL AUTHORITIES | ||
| 690 | _aECONOMIC AND SOCIAL | ||
| 942 | _n0 | ||
| 948 | _c22/10/1997 | ||
| 999 |
_c51442 _d51442 |
||